00323 2200133 4500001002100000005001500021035002000036245005300056260003600109082000800145084001200153990001200165990001200177INLIS00000000000257820250605122200 a0010-0625000164 aRahasia Sukses Belajar /cSyaiful Bahri Djamarah aJakarta :bRineka Cerita,c2000 a370 a370 RAH a0420980 a0420981